<?xml version="1.0" encoding="UTF-8"?>
<marc:record xmlns:marc="http://www.loc.gov/MARC21/slim">
   <marc:leader>00000nam a2200000 a 4500</marc:leader>
   <marc:datafield ind1="1" ind2=" " tag="100">
      <marc:subfield code="a">Rylance, Ulrike</marc:subfield>
      <marc:subfield code="4">aut</marc:subfield>
      <marc:subfield code="e">Verfasser/-in</marc:subfield>
   </marc:datafield>
   <marc:datafield ind1=" " ind2=" " tag="653">
      <marc:subfield code="a">Müll</marc:subfield>
   </marc:datafield>
   <marc:datafield ind1=" " ind2=" " tag="653">
      <marc:subfield code="a">Picknickwiese</marc:subfield>
   </marc:datafield>
   <marc:datafield ind1="0" ind2="0" tag="245">
      <marc:subfield code="a">Penny Pepper - Wildschweine und UMWELTFERKEL</marc:subfield>
   </marc:datafield>
   <marc:datafield ind1=" " ind2="1" tag="264">
      <marc:subfield code="b">Dt. Taschenbuch Verl.</marc:subfield>
      <marc:subfield code="c">2024</marc:subfield>
   </marc:datafield>
   <marc:datafield ind1="1" ind2=" " tag="490">
      <marc:subfield code="a">Penny Pepper 10</marc:subfield>
   </marc:datafield>
   <marc:datafield ind1="1" ind2=" " tag="520">
      <marc:subfield code="a">Beim Ausflug in den Kletterwald stoßen Penny und ihre Klasse auf eine regelrechte Müllhalde: Ein kaputtes Fahrrad, eine aufgequollene Matratze und Ähnliches liegen herum. Wer macht denn so was? Als die Klasse beim Entsorgen hilft, erfahren sie vom Betreiber des Kletterwalds, dass mittwochs besonders oft Müll dort abgeladen wird. Penny und ihre Freundinnen werden hellhörig: Da scheint ein System, und damit ein Täter, dahinterzustecken. Den werden sie finden - wozu sind sie schließlich Detektivinnen?</marc:subfield>
   </marc:datafield>
   <marc:datafield ind1=" " ind2=" " tag="020">
      <marc:subfield code="a">9783423763875</marc:subfield>
      <marc:subfield code="9">9783423763875</marc:subfield>
   </marc:datafield>
</marc:record>
